| 000 | 00798nam a2200277 a 4500 | ||
|---|---|---|---|
| 001 | 50109 | ||
| 003 | BD-RJUL | ||
| 005 | 20211209075447.0 | ||
| 008 | 160823s1963 enka 001 0 eng d | ||
| 035 | _a(BD-RJUL) | ||
| 040 |
_aGZH _cGZH _dUKM _dBD-RJUL _beng |
||
| 041 | _aeng | ||
| 082 |
_a613.7 _223 _bBAT 1963 |
||
| 096 | _aRA 776 B32 | ||
| 100 | 1 | 0 |
_aBatten, Lindsey W. _d1889-1981 _9150172 |
| 245 | 1 | 0 |
_aTeach yourself physical fitness / _cLindsey W. Batten |
| 260 |
_aLondon : _bEnglish Universities Press, _cc1963 |
||
| 300 |
_a118 p. : _bill. ; _c18 cm. |
||
| 490 | _aTeach yourself books. | ||
| 500 | _aInclude index | ||
| 650 | 0 |
_aPhysical fitness _9150173 |
|
| 650 | 0 |
_aHygiene _9141678 |
|
| 740 | 0 | _aPhysical fitness | |
| 830 | 0 |
_aTeach yourself books. _9150178 |
|
| 942 |
_2ddc _cBK |
||
| 999 |
_c50109 _d50109 |
||